[Event "Charleroi op"]
[Site "Charleroi"]
[Date "2015.08.03"]
[Round "3"]
[White "Stromboli, Ettore"]
[Black "Van Houtte, Thierry"]
[Result "1/2-1/2"]
[WhiteElo "2324"]
[BlackElo "2109"]
[PlyCount "174"]
[EventDate "2015.08.01"]
[EventType "swiss"]
[EventRounds "9"]
[EventCountry "BEL"]
[SourceTitle "CBM 167 Extra"]
[Source "ChessBase"]
[SourceDate "2015.09.14"]
[SourceVersion "1"]
[SourceVersionDate "2015.09.14"]
[SourceQuality "1"]

1. e4 e6 2. d4 d5 3. e5 c5 4. c3 Nc6 5. Be3 Qb6 6. Qd2 Bd7 7. Nf3 Rc8 8. dxc5 Bxc5 9. Bxc5 Qxc5 10. Na3 a6 11. Bd3 Nge7 12. 0-0 Ng6 13. Rfe1 0-0 14. Nc2 f6 15. exf6 Rxf6 16. Bxg6 hxg6 17. Ncd4 Rcf8 18. Re2 Qd6 19. Rae1 Nxd4 20. Nxd4 e5 21. Rxe5 Rxf2 22. Qxf2 Rxf2 23. Kxf2 Bf5 24. Nxf5 gxf5 25. R1e2 d4 26. Rxf5 dxc3 27. bxc3 Qxh2 28. Re8+ Kh7 29. Re4 Qd6 30. Rf3 Qc5+ 31. Rd4 b5 32. Kg3 Qe5+ 33. Kf2 Qc5 34. Kf1 a5 35. Rd2 Qc4+ 36. Re2 b4 37. cxb4 axb4 38. Kf2 Qd4+ 39. Kf1 Qa1+ 40. Kf2 Qd4+ 41. Kg3 Qd6+ 42. Kh3 Qh6+ 43. Kg4 Qg6+ 44. Kf4 Qf6+ 45. Ke4 Qe6+ 46. Kd3 Qd5+ 47. Ke3 Qc5+ 48. Kd2 Qd4+ 49. Rd3 Qb2+ 50. Ke3 Qe5+ 51. Kf2 Qf5+ 52. Rf3 Qc5+ 53. Rfe3 Qd4 54. Kg1 Kg8 55. g3 Qc5 56. Kg2 Qd5+ 57. Re4 b3 58. axb3 Qxb3 59. Kh2 Qd5 60. Re5 Qd6 61. Re8+ Kf7 62. R8e4 Qd5 63. Re7+ Kf6 64. R7e4 Qh5+ 65. Kg1 Qc5+ 66. Rf2+ Kg6 67. Rg4+ Kh7 68. Kg2 Qd5+ 69. Kh2 Kg8 70. Rc2 Qf5 71. Rgc4 Qh5+ 72. Rh4 Qf5 73. Re2 Qb5 74. Ra2 Qd5 75. Rf2 Qc5 76. Rd2 Qa5 77. Rhd4 Qe5 78. Rd7 Qh5+ 79. Kg2 Qe5 80. Rd8+ Kh7 81. Rf8 Qe4+ 82. Kh2 Qb4 83. Rdf2 Qd4 84. R2f4 Qe5 85. Rh4+ Kg6 86. Rg4+ Kh7 87. Rf7 Kg8 1/2-1/2

[Event "Charleroi op"]
[Site "Charleroi"]
[Date "2015.08.03"]
[Round "4"]
[White "Van Houtte, Thierry"]
[Black "Soors, Stef"]
[Result "1/2-1/2"]
[WhiteElo "2109"]
[BlackElo "2407"]
[PlyCount "55"]
[EventDate "2015.08.01"]
[EventType "swiss"]
[EventRounds "9"]
[EventCountry "BEL"]
[SourceTitle "CBM 167 Extra"]
[Source "ChessBase"]
[SourceDate "2015.09.14"]
[SourceVersion "1"]
[SourceVersionDate "2015.09.14"]
[SourceQuality "1"]

1. Nf3 Nf6 2. g3 b6 3. d4 Bb7 4. Bg2 g6 5. 0-0 Bg7 6. c4 Na6 7. Nc3 Ne4 8. Nxe4 Bxe4 9. Qa4 Nb8 10. Be3 0-0 11. Rfd1 d5 12. Ne5 Bxg2 13. Kxg2 e6 14. Rac1 Re8 15. Kg1 a5 16. a3 Ra7 17. Rd2 Bxe5 18. dxe5 c6 19. Qb3 Rb7 20. f4 Ree7 21. cxd5 exd5 22. Bf2 Red7 23. g4 Qe7 24. Qh3 c5 25. Bh4 Qf8 26. Bf6 Nc6 27. Rc3 Nd4 28. Kf2 1/2-1/2

[Event "Charleroi op"]
[Site "Charleroi"]
[Date "2013.08.03"]
[Round "9"]
[White "Okhotnik, Vladimir"]
[Black "Van Houtte, Thierry"]
[Result "1-0"]
[WhiteElo "2403"]
[BlackElo "2174"]
[PlyCount "121"]
[EventDate "2013.07.27"]
[EventType "swiss"]
[EventRounds "9"]
[EventCountry "BEL"]
[SourceTitle "CBM 155 Extra"]
[Source "ChessBase"]
[SourceDate "2013.08.26"]
[SourceVersion "1"]
[SourceVersionDate "2013.08.26"]
[SourceQuality "1"]

1. e4 Nf6 2. Nc3 d5 3. e5 Nfd7 4. Nxd5 Nxe5 5. Ne3 e6 6. d4 Ng6 7. Nf3 Be7 8. Bc4 c6 9. 0-0 0-0 10. Bb3 Nd7 11. c4 e5 12. Bc2 exd4 13. Nxd4 Bf6 14. Rb1 Nde5 15. Ndf5 Bxf5 16. Bxf5 Qxd1 17. Rxd1 Rfd8 18. Bd2 Nh4 19. Bc3 Nxf5 20. Nxf5 Nxc4 21. Bxf6 gxf6 22. h4 Kf8 23. b3 Nd2 24. Rbc1 Rd7 25. Re1 Rad8 26. Rc3 Rd5 27. Ng3 f5 28. f3 a5 29. Nh5 a4 30. Nf6 R5d6 31. Nxh7+ Kg7 32. Ng5 axb3 33. axb3 Rd3 34. Rc5 Nxb3 35. Rxf5 R8d7 36. Re8 Nd4 37. Rf4 b5 38. Kh2 b4 39. Ne4 f5 40. Nc5 Nc2 41. Nxd7 Rxd7 42. Rc4 b3 43. Rb8 Nd4 44. Rbb4 Re7 45. Rxd4 c5 46. Rdc4 cxb4 47. Rxb4 Re3 48. Kg3 Rc3 49. Rb6 Kh7 50. Kf4 Rc2 51. g3 b2 52. Kxf5 Rc5+ 53. Kg4 Rc4+ 54. f4 Rc2 55. f5 Rg2 56. Kf4 Rc2 57. Kg5 Rd2 58. Rb7+ Kg8 59. g4 Rc2 60. Kg6 Kf8 61. f6 1-0

[Event "Charleroi op"]
[Site "Charleroi"]
[Date "2013.07.29"]
[Round "3"]
[White "Vanhee, Freddy"]
[Black "Van Houtte, Thierry"]
[Result "1/2-1/2"]
[WhiteElo "1966"]
[BlackElo "2174"]
[PlyCount "32"]
[EventDate "2013.07.27"]
[EventType "swiss"]
[EventRounds "9"]
[EventCountry "BEL"]
[SourceTitle "CBM 155 Extra"]
[Source "ChessBase"]
[SourceDate "2013.08.26"]
[SourceVersion "1"]
[SourceVersionDate "2013.08.26"]
[SourceQuality "1"]

1. d4 d6 2. c4 e5 3. dxe5 dxe5 4. Qxd8+ Kxd8 5. Nc3 c6 6. Nf3 f6 7. e4 Be6 8. Be3 Na6 9. Be2 Nh6 10. h3 Nf7 11. 0-0 Bc5 12. Bxc5 Nxc5 13. b4 Na6 14. Rab1 Ke7 15. Rfc1 Rhd8 16. c5 Nc7 1/2-1/2

[Event "BEL-ch op"]
[Site "Westerlo"]
[Date "2010.07.06"]
[Round "4"]
[White "Van Houtte, Thierry"]
[Black "Stynen, Koen"]
[Result "1/2-1/2"]
[WhiteElo "2199"]
[BlackElo "2016"]
[PlyCount "67"]
[EventDate "2010.07.03"]
[EventType "swiss"]
[EventRounds "9"]
[EventCountry "BEL"]
[SourceTitle "CBM 137 Extra"]
[Source "ChessBase"]
[SourceDate "2010.09.01"]
[SourceVersion "1"]
[SourceVersionDate "2010.09.01"]
[SourceQuality "1"]

1. e4 c5 2. d3 Nc6 3. f4 g6 4. g3 Bg7 5. Nf3 e6 6. Nbd2 d6 7. Bg2 Nge7 8. 0-0 0-0 9. c3 Rb8 10. Qe2 Qc7 11. g4 b5 12. Nb3 f5 13. g5 e5 14. Nh4 fxe4 15. dxe4 c4 16. Nd2 exf4 17. Nb1 Be5 18. Na3 Be6 19. Bf3 Qd7 20. Bd2 a6 21. Rf2 Rbe8 22. Raf1 Rf7 23. Bg2 Ref8 24. Nf3 Nc8 25. Nc2 Bg4 26. Qe1 Bxf3 27. Bxf3 Nb6 28. Qe2 Na4 29. b3 cxb3 30. axb3 Nc5 31. b4 Na4 32. Qd3 Nb2 33. Qd5 Nc4 34. Rg2 1/2-1/2

[Event "BEL-chT 0001"]
[Site "Belgium"]
[Date "2001.03.25"]
[Round "11"]
[White "Van Houtte, Thierry"]
[Black "Van der Stricht, Geert"]
[Result "1/2-1/2"]
[WhiteElo "2229"]
[BlackElo "2427"]
[PlyCount "147"]
[EventDate "2000.11.18"]
[EventType "team"]
[EventRounds "13"]
[EventCountry "BEL"]
[SourceTitle "CBM 081 Extra"]
[Source "ChessBase"]
[SourceDate "2001.05.06"]
[SourceVersion "1"]
[SourceVersionDate "2001.05.06"]
[SourceQuality "1"]

1. e4 c5 2. c3 Nf6 3. e5 Nd5 4. d4 cxd4 5. Nf3 e6 6. cxd4 d6 7. Bc4 Nb6 8. Bd3 Nc6 9. a3 dxe5 10. dxe5 Nd7 11. Bf4 Nc5 12. Bc2 Qxd1+ 13. Kxd1 a5 14. Nc3 Be7 15. Kd2 h6 16. h4 b6 17. Rad1 Ba6 18. Kc1 0-0 19. Nd4 Nxd4 20. Rxd4 Rfd8 21. Rxd8+ Rxd8 22. Be3 b5 23. g3 b4 24. axb4 axb4 25. Na4 Nd3+ 26. Bxd3 Bxd3 27. Rd1 Rc8+ 28. Kd2 Bc2 29. Rc1 b3 30. Nc3 Rd8+ 31. Ke2 Bb4 32. Bd2 Ra8 33. Nd1 Bf8 34. Ne3 Be4 35. Rc3 Rb8 36. Nc4 Bd5 37. Ne3 Bb7 38. Ke1 Be4 39. Ke2 h5 40. Nc4 Bc2 41. Ne3 Bb1 42. Nc4 Rb5 43. f4 Rb8 44. Na5 Ba2 45. Nc6 Rb7 46. Rc4 Rc7 47. Ba5 Rd7 48. Nd4 Ra7 49. Bb4 Ra4 50. Nc6 Bb1 51. Kd2 Bc2 52. Kc3 Ra1 53. Nd4 Bxb4+ 54. Kxb4 Rg1 55. Rc3 f6 56. exf6 gxf6 57. Nxe6 Rb1 58. Nd4 Rxb2 59. Nxb3 Kf7 60. Kc4 Bxb3+ 61. Rxb3 Rxb3 62. Kxb3 Ke6 63. Kc4 Kf5 64. Kd5 Kg4 65. Ke6 Kxg3 66. f5 Kxh4 67. Kxf6 Kg3 68. Kg5 h4 69. f6 h3 70. f7 h2 71. f8Q h1Q 72. Qf4+ Kg2 73. Qe4+ Kg1 74. Qxh1+ 1/2-1/2

[Event "BEL-chT 0001"]
[Site "Belgium"]
[Date "2001.01.21"]
[Round "7"]
[White "Motwani, Paul"]
[Black "Van Houtte, Thierry"]
[Result "1-0"]
[WhiteElo "2464"]
[BlackElo "2229"]
[PlyCount "105"]
[EventDate "2000.11.18"]
[EventType "team"]
[EventRounds "13"]
[EventCountry "BEL"]
[SourceTitle "CBM 081 Extra"]
[Source "ChessBase"]
[SourceDate "2001.05.06"]
[SourceVersion "1"]
[SourceVersionDate "2001.05.06"]
[SourceQuality "1"]

1. e4 d6 2. d4 Nf6 3. Nc3 e5 4. Nf3 Nbd7 5. a4 c6 6. Bc4 Be7 7. a5 0-0 8. 0-0 Rb8 9. Qe2 exd4 10. Nxd4 Ne5 11. Bf4 Nxc4 12. Qxc4 Nh5 13. Be3 c5 14. Nde2 Be6 15. Qd3 a6 16. Rfd1 Qc8 17. Nf4 Nxf4 18. Bxf4 Rd8 19. Qg3 Qc6 20. Nd5 Bxd5 21. Rxd5 Rd7 22. Rad1 Rbd8 23. b3 Bf8 24. Qd3 f6 25. f3 Qb5 26. Qc3 Kf7 27. R1d3 Qb4 28. Qa1 Qb5 29. c4 Qc6 30. Qd1 Ke8 31. Be3 Qc7 32. f4 g6 33. f5 Re7 34. Bxc5 Rxe4 35. Bb6 Qe7 36. Bxd8 Qxd8 37. Qf3 Qe7 38. h3 Re1+ 39. Kh2 Bh6 40. Rxd6 Qe5+ 41. Qg3 gxf5 42. Rd8+ Ke7 43. R8d7+ Ke8 44. Rd8+ Ke7 45. R3d7+ Ke6 46. Rd6+ Ke7 47. R6d7+ Ke6 48. Re8+ Kxd7 49. Rxe5 Rxe5 50. Qh4 Bf8 51. Qxh7+ Kc6 52. Qf7 Bd6 53. Kg1 1-0

[Event "BEL-chT 0001"]
[Site "Belgium"]
[Date "2000.12.17"]
[Round "5"]
[White "Van Beers, Eddy"]
[Black "Van Houtte, Thierry"]
[Result "0-1"]
[WhiteElo "2346"]
[BlackElo "2229"]
[PlyCount "56"]
[EventDate "2000.11.18"]
[EventType "team"]
[EventRounds "13"]
[EventCountry "BEL"]
[SourceTitle "CBM 081 Extra"]
[Source "ChessBase"]
[SourceDate "2001.05.06"]
[SourceVersion "1"]
[SourceVersionDate "2001.05.06"]
[SourceQuality "1"]

1. e4 d6 2. d4 Nf6 3. Nc3 e5 4. dxe5 dxe5 5. Qxd8+ Kxd8 6. Nf3 Bd6 7. Bc4 Be6 8. Bxe6 fxe6 9. Be3 Nc6 10. 0-0-0 Ke7 11. a3 a6 12. h3 h6 13. Rhe1 b5 14. Nd2 Rhb8 15. Nb3 Nd7 16. g3 b4 17. axb4 Rxb4 18. Na2 Rb7 19. Nd2 Na5 20. f4 Rab8 21. fxe5 Nxe5 22. Bd4 g5 23. Nc3 c5 24. Bf2 Rxb2 25. Nb3 R8xb3 26. Rxd6 Kxd6 27. Rd1+ Kc6 28. cxb3 Rxf2 0-1

[Event "BEL-chT 9900"]
[Site "Antwerp"]
[Date "2000.03.19"]
[Round "11"]
[White "Schumacher, Helmut"]
[Black "Van Houtte, Thierry"]
[Result "1-0"]
[WhiteElo "2176"]
[BlackElo "2235"]
[PlyCount "83"]
[EventDate "1999.10.08"]
[EventType "team"]
[EventRounds "11"]
[EventCountry "BEL"]
[SourceTitle "CBM 075 Extra"]
[Source "ChessBase"]
[SourceDate "2000.05.11"]
[SourceVersion "2"]
[SourceVersionDate "2000.05.11"]
[SourceQuality "1"]

1. d4 d6 2. Nc3 Nf6 3. e4 e5 4. Nge2 Be7 5. g3 Bg4 6. dxe5 dxe5 7. Qxd8+ Bxd8 8. Bg2 Na6 9. Be3 c6 10. a3 Nd7 11. h3 Be6 12. 0-0 Bb6 13. Bxb6 Nxb6 14. Rfd1 Ke7 15. b3 Rad8 16. f4 f6 17. Kf2 Nc5 18. h4 a5 19. Bf3 Nc8 20. b4 axb4 21. axb4 Rxd1 22. Rxd1 Na6 23. b5 Nb4 24. bxc6 bxc6 25. Na4 Nxc2 26. Rc1 Nb4 27. Rb1 Nd3+ 28. Ke3 Rd8 29. Rb7+ Kf8 30. Rb8 Ne1 31. Nc5 Ke7 32. Nxe6 Rd3+ 33. Kf2 Nxf3 34. Nc5 Ra3 35. Rxc8 exf4 36. gxf4 Nxh4 37. Nd4 Ng6 38. Rc7+ Ke8 39. Nce6 Ra2+ 40. Ke3 Ne7 41. Nxg7+ Kf7 42. Ngf5 1-0

[Event "BEL-chT 9900"]
[Site "Antwerp"]
[Date "1999.10.??"]
[Round "3"]
[White "Faybish, Nimrod"]
[Black "Van Houtte, Thierry"]
[Result "0-1"]
[WhiteElo "2230"]
[BlackElo "2220"]
[PlyCount "76"]
[EventDate "1999.10.08"]
[EventType "team"]
[EventRounds "11"]
[EventCountry "BEL"]
[SourceTitle "CBM 073 Extra"]
[Source "ChessBase"]
[SourceDate "2000.01.11"]
[SourceVersion "1"]
[SourceVersionDate "2000.01.11"]
[SourceQuality "1"]

1. d4 d5 2. Nc3 Nf6 3. e4 dxe4 4. f3 exf3 5. Nxf3 Bf5 6. Ne5 e6 7. g4 Bg6 8. Bg2 c6 9. h4 Bb4 10. Bg5 Qa5 11. 0-0 Bxc3 12. bxc3 Qxc3 13. Rf2 Ne4 14. Rf3 Qa5 15. Bf4 f6 16. Nxg6 hxg6 17. Re3 f5 18. Bxe4 fxe4 19. Bg5 Qd5 20. Qe2 Nd7 21. Rxe4 0-0 22. c4 Qd6 23. Qe3 Rae8 24. Re1 Kh7 25. Kg2 Nf6 26. Bxf6 gxf6 27. h5 gxh5 28. Rh1 Rh8 29. Rxh5+ Kg7 30. Rxh8 Rxh8 31. Qg3 Qxg3+ 32. Kxg3 Kf7 33. Re3 Rd8 34. Rd3 b5 35. cxb5 cxb5 36. Kf4 Ke7 37. Ke4 Rg8 38. Kf4 a5 0-1

[Event "BEL-chT 9899"]
[Site "Antwerp"]
[Date "1998.11.08"]
[Round "2"]
[White "Van Houtte, Thierry"]
[Black "Cuijpers, Frans Andre"]
[Result "1/2-1/2"]
[WhiteElo "2220"]
[BlackElo "2425"]
[PlyCount "39"]
[EventDate "1998.10.??"]
[EventType "team"]
[EventRounds "11"]
[EventCountry "BEL"]
[SourceTitle "EXT 2000"]
[Source "ChessBase"]
[SourceDate "1999.11.16"]
[SourceVersion "1"]
[SourceVersionDate "1999.11.16"]
[SourceQuality "1"]

1. e4 g6 2. d4 Bg7 3. Nc3 d6 4. f4 Nf6 5. Nf3 0-0 6. Bd3 Na6 7. 0-0 c5 8. d5 Bg4 9. Qe1 Nb4 10. a3 Nxd3 11. cxd3 Bxf3 12. Rxf3 e6 13. dxe6 fxe6 14. Qh4 Qd7 15. Bd2 d5 16. e5 d4 17. Nd1 Nd5 18. Nf2 Qb5 19. b4 Ne3 20. Qe7 1/2-1/2

[Event "BEL-chT 9899"]
[Site "Antwerp"]
[Date "1998.10.18"]
[Round "1"]
[White "Mohandesi, Shahin"]
[Black "Van Houtte, Thierry"]
[Result "0-1"]
[WhiteElo "2305"]
[BlackElo "2220"]
[PlyCount "140"]
[EventDate "1998.10.??"]
[EventType "team"]
[EventRounds "11"]
[EventCountry "BEL"]
[SourceTitle "EXT 2000"]
[Source "ChessBase"]
[SourceDate "1999.11.16"]
[SourceVersion "1"]
[SourceVersionDate "1999.11.16"]
[SourceQuality "1"]

1. d4 d6 2. Nf3 Bg4 3. e4 Nd7 4. Be2 e5 5. Nc3 Ngf6 6. Be3 Be7 7. Nd2 Bxe2 8. Qxe2 c6 9. 0-0-0 Qc7 10. g4 g6 11. f4 0-0-0 12. Rhf1 exd4 13. Bxd4 Rhe8 14. h3 Nb6 15. g5 Nfd7 16. Qg4 Kb8 17. h4 Ka8 18. Kb1 d5 19. exd5 Nxd5 20. Nxd5 cxd5 21. Nb3 f5 22. gxf6 Nxf6 23. Qg1 b6 24. Be5 Qc8 25. Qd4 Ne4 26. Rh1 Ng3 27. Rhe1 Nf5 28. Qa4 Bxh4 29. Rh1 Qc4 30. Qxc4 dxc4 31. Nd4 Nxd4 32. Rxh4 Nf3 33. Rxd8+ Rxd8 34. Rh1 Nxe5 35. fxe5 Rd7 36. a4 Kb7 37. Rh4 Re7 38. Kc1 h5 39. Kd2 Rxe5 40. Rxc4 Rc5 41. Re4 Rd5+ 42. Ke3 Kc6 43. Re7 Rd7 44. Re8 Kd6 45. Kf4 Rc7 46. Rg8 Rc4+ 47. Kf3 Rg4 48. a5 bxa5 49. Rg7 Ke6 50. Rxa7 a4 51. Ra6+ Kf5 52. Ra5+ Kf6 53. Ra6+ Kg5 54. b3 axb3 55. cxb3 Rb4 56. Ra5+ Kh6 57. Ra3 Rb5 58. Kg3 Kg5 59. Kh3 Kf5 60. Kh4 Rb4+ 61. Kg3 h4+ 62. Kf3 Rb5 63. Kg2 g5 64. Kh3 Rb4 65. Ra5+ Kf4 66. Ra3 Rd4 67. Kg2 Rd2+ 68. Kf1 Rb2 69. Kg1 g4 70. Kh1 h3 0-1

[Event "BEL-chT 9798"]
[Site "Antwerp"]
[Date "1998.??.??"]
[Round "8"]
[White "Van Houtte, Thierry"]
[Black "Welling, Gerard J"]
[Result "1/2-1/2"]
[WhiteElo "2235"]
[BlackElo "2335"]
[PlyCount "80"]
[EventDate "1997.??.??"]
[EventType "team"]
[EventRounds "11"]
[EventCountry "BEL"]
[SourceTitle "EXT 1999"]
[Source "ChessBase"]
[SourceDate "1998.11.16"]
[SourceVersion "1"]
[SourceVersionDate "1998.11.16"]
[SourceQuality "1"]

1. e4 c5 2. c3 b6 3. d4 Bb7 4. Bd3 e6 5. Nf3 Nf6 6. Qe2 Be7 7. 0-0 Nc6 8. a3 Na5 9. Nbd2 c4 10. Bc2 Qc7 11. Re1 b5 12. Rb1 a6 13. Nf1 h6 14. N3d2 g5 15. Ne3 h5 16. e5 Nd5 17. Nxd5 Bxd5 18. Be4 Qc6 19. Bxd5 Qxd5 20. Qe4 Qxe4 21. Nxe4 Rg8 22. Be3 0-0-0 23. Rbd1 Nc6 24. a4 bxa4 25. Ra1 a3 26. bxa3 Kc7 27. Reb1 Rb8 28. a4 Rxb1+ 29. Rxb1 g4 30. Nd2 f5 31. exf6 Bxf6 32. Nxc4 Bg5 33. Kf1 d5 34. Bxg5 Rxg5 35. Ne3 Rg8 36. Ke2 Rf8 37. Nc2 e5 38. Nb4 exd4 39. Nxc6 Kxc6 40. cxd4 Rf4 1/2-1/2

[Event "BEL FEFB-ch"]
[Site "Dampremy"]
[Date "1997.05.19"]
[Round "7"]
[White "Van Houtte, Thierry"]
[Black "Vandevoort, Pascal"]
[Result "1/2-1/2"]
[WhiteElo "2258"]
[BlackElo "2376"]
[PlyCount "60"]
[EventDate "1997.05.08"]
[EventType "swiss"]
[EventRounds "7"]
[EventCountry "BEL"]
[SourceTitle "EXT 2008"]
[Source "ChessBase"]
[SourceDate "2007.11.25"]
[SourceVersion "1"]
[SourceVersionDate "2007.11.25"]
[SourceQuality "1"]

1. e4 c5 2. c3 Nf6 3. e5 Nd5 4. d4 cxd4 5. Nf3 Nc6 6. Bc4 Nb6 7. Bb3 d5 8. exd6 Qxd6 9. 0-0 Be6 10. Na3 Bxb3 11. Qxb3 e6 12. Rd1 Be7 13. Nb5 Qb8 14. Nbxd4 0-0 15. Nxc6 bxc6 16. c4 Qc7 17. Be3 Rab8 18. Qc2 e5 19. Ng5 Bxg5 20. Bxg5 f6 21. Bd2 Qe7 22. b3 Rbe8 23. Re1 Nd7 24. Rad1 f5 25. f3 Qc5+ 26. Kh1 Nf6 27. b4 Qf2 28. Rf1 Qh4 29. Be1 Qh5 30. Kg1 e4 1/2-1/2

[Event "BEL FEFB-ch"]
[Site "Dampremy"]
[Date "1997.05.18"]
[Round "6"]
[White "Hautot, Stephane"]
[Black "Van Houtte, Thierry"]
[Result "0-1"]
[WhiteElo "2161"]
[BlackElo "2258"]
[PlyCount "66"]
[EventDate "1997.05.08"]
[EventType "swiss"]
[EventRounds "7"]
[EventCountry "BEL"]
[SourceTitle "EXT 2008"]
[Source "ChessBase"]
[SourceDate "2007.11.25"]
[SourceVersion "1"]
[SourceVersionDate "2007.11.25"]
[SourceQuality "1"]

1. e4 Nf6 2. e5 Nd5 3. d4 d6 4. c4 Nb6 5. f4 dxe5 6. fxe5 Nc6 7. Be3 Bf5 8. Nc3 e6 9. Nf3 Qd7 10. Be2 0-0-0 11. 0-0 Bg4 12. Ng5 Nxc4 13. Rxf7 Qe8 14. Bxg4 Nxe3 15. Qf3 Nxg4 16. Qxg4 Nxd4 17. Rf4 h5 18. Qh3 Bc5 19. Kh1 Qg6 20. Rxd4 Bxd4 21. Nxe6 Qg4 22. Qxg4 hxg4 23. Nxd8 Rxd8 24. Re1 g3 25. Ne2 Bxe5 26. Nxg3 Bxg3 27. hxg3 Rd2 28. Rb1 Kd7 29. a4 c5 30. b3 Rd3 31. Kg1 Rxg3 32. Kf2 Rc3 33. Ke2 c4 0-1

[Event "BEL FEFB-ch"]
[Site "Dampremy"]
[Date "1997.05.11"]
[Round "4"]
[White "Lallemand, Pascal"]
[Black "Van Houtte, Thierry"]
[Result "0-1"]
[WhiteElo "2185"]
[BlackElo "2258"]
[PlyCount "60"]
[EventDate "1997.05.08"]
[EventType "swiss"]
[EventRounds "7"]
[EventCountry "BEL"]
[SourceTitle "EXT 2008"]
[Source "ChessBase"]
[SourceDate "2007.11.25"]
[SourceVersion "1"]
[SourceVersionDate "2007.11.25"]
[SourceQuality "1"]

1. e4 c6 2. d4 d5 3. exd5 cxd5 4. c4 Nf6 5. Nc3 Nc6 6. Bg5 Qa5 7. Bxf6 exf6 8. cxd5 Bb4 9. Qd2 Ne7 10. Bb5+ Kf8 11. Nge2 Nxd5 12. Bd3 Bg4 13. f3 Re8 14. 0-0 Bd7 15. a3 Nxc3 16. Nxc3 Bd6 17. Rae1 h5 18. Rxe8+ Bxe8 19. d5 g6 20. f4 Kg7 21. Bb1 Bd7 22. Kh1 Re8 23. Qc1 Qc5 24. Qd2 Qe3 25. Qxe3 Rxe3 26. h3 f5 27. h4 Be7 28. Nd1 Re2 29. g3 Bf6 30. Nc3 Rxb2 0-1

[Event "BEL-chT 9697"]
[Site "Belgium"]
[Date "1997.??.??"]
[Round "8"]
[White "De Wit, Dick"]
[Black "Van Houtte, Thierry"]
[Result "1-0"]
[WhiteElo "2305"]
[BlackElo "2215"]
[PlyCount "123"]
[EventDate "1996.??.??"]
[EventType "team"]
[EventRounds "11"]
[EventCountry "BEL"]
[SourceTitle "EXT 1998"]
[Source "ChessBase"]
[SourceDate "1997.11.17"]
[SourceVersion "1"]
[SourceVersionDate "1997.11.17"]
[SourceQuality "1"]

1. e4 Nf6 2. e5 Nd5 3. d4 d6 4. Nf3 g6 5. c4 Nb6 6. Nc3 Bg7 7. exd6 cxd6 8. Be3 Nc6 9. d5 Ne5 10. Nxe5 Bxe5 11. Bd4 Nd7 12. f4 Bxd4 13. Qxd4 Nf6 14. Be2 Qb6 15. Qxb6 axb6 16. b3 Bd7 17. 0-0-0 Kd8 18. a4 h5 19. h4 Ng4 20. Bxg4 Bxg4 21. Rd3 Kd7 22. Re1 Rhe8 23. Nb5 Rg8 24. Rde3 Rae8 25. g3 f6 26. Nd4 Rg7 27. Kd2 Bh3 28. Rh1 Bg4 29. Kc3 Ra8 30. Kb4 Ra5 31. Rhe1 Bh3 32. Rh1 Bg4 33. Rf1 Bh3 34. Rf2 Bf5 35. Rfe2 Bg4 36. Re1 Bh3 37. Ne6 Bxe6 38. Rxe6 Rc5 39. R1e3 Ra5 40. Kc3 Ra8 41. Kb4 Ra5 42. Re1 Rc5 43. R1e2 Ra5 44. Ra2 Rg8 45. Rg2 f5 46. Rge2 Rg7 47. Ra2 Rg8 48. Kc3 Ra6 49. b4 Rg7 50. Kb3 Rg8 51. a5 bxa5 52. Rxa5 Rxa5 53. bxa5 Rg7 54. Kb4 Kc8 55. Kb5 Kc7 56. Re3 Rf7 57. Re2 Rg7 58. Re6 Kb8 59. Kb6 Kc8 60. Re3 Rf7 61. Re2 Kb8 62. Re6 1-0

[Event "BEL-chT 9697"]
[Site "Belgium"]
[Date "1997.??.??"]
[Round "10"]
[White "Le Quang, Kim"]
[Black "Van Houtte, Thierry"]
[Result "1/2-1/2"]
[WhiteElo "2235"]
[BlackElo "2215"]
[PlyCount "23"]
[EventDate "1996.??.??"]
[EventType "team"]
[EventRounds "11"]
[EventCountry "BEL"]
[SourceTitle "EXT 1998"]
[Source "ChessBase"]
[SourceDate "1997.11.17"]
[SourceVersion "1"]
[SourceVersionDate "1997.11.17"]
[SourceQuality "1"]

1. e4 d6 2. d4 Nf6 3. Nc3 e5 4. dxe5 dxe5 5. Qxd8+ Kxd8 6. Bg5 Be6 7. 0-0-0+ Nbd7 8. Nge2 h6 9. Bh4 Bc5 10. f3 c6 11. Kb1 Kc7 12. Nc1 1/2-1/2

[Event "BEL-chT 9697"]
[Site "Belgium"]
[Date "1997.??.??"]
[Round "6"]
[White "Schebler, Gerhard"]
[Black "Van Houtte, Thierry"]
[Result "1-0"]
[WhiteElo "2425"]
[BlackElo "2215"]
[PlyCount "67"]
[EventDate "1996.??.??"]
[EventType "team"]
[EventRounds "11"]
[EventCountry "BEL"]
[SourceTitle "EXT 1998"]
[Source "ChessBase"]
[SourceDate "1997.11.17"]
[SourceVersion "1"]
[SourceVersionDate "1997.11.17"]
[SourceQuality "1"]

1. d4 d5 2. c4 c6 3. cxd5 cxd5 4. Bf4 Nc6 5. Nc3 Nf6 6. e3 Bf5 7. Nf3 e6 8. Qb3 Bb4 9. Bb5 0-0 10. Bxc6 Bxc3+ 11. Qxc3 Ne4 12. Qa3 bxc6 13. Rc1 Rc8 14. 0-0 f6 15. Qxa7 g5 16. Bg3 h5 17. h3 Nxg3 18. fxg3 Qd6 19. g4 hxg4 20. hxg4 Bxg4 21. Nh2 Be2 22. Rf2 Ra8 23. Qb7 Rab8 24. Qxc6 Qxc6 25. Rxc6 Rxb2 26. Rxe6 Rxa2 27. Rfxf6 Rxf6 28. Rxf6 Ra1+ 29. Kf2 Bd3 30. Kg3 Kg7 31. Re6 Be4 32. Re5 Ra3 33. Rxg5+ Kh6 34. Kf4 1-0

[Event "BEL-chT 9798"]
[Site "Antwerp"]
[Date "1997.??.??"]
[Round "1"]
[White "Van Houtte, Thierry"]
[Black "Vanderwaeren, Serge"]
[Result "1/2-1/2"]
[WhiteElo "2235"]
[BlackElo "2290"]
[PlyCount "43"]
[EventDate "1997.??.??"]
[EventType "team"]
[EventRounds "11"]
[EventCountry "BEL"]
[SourceTitle "EXT 1999"]
[Source "ChessBase"]
[SourceDate "1998.11.16"]
[SourceVersion "1"]
[SourceVersionDate "1998.11.16"]
[SourceQuality "1"]

1. e4 c5 2. c3 e6 3. d4 d5 4. e5 Ne7 5. Nf3 Nec6 6. Bd3 b6 7. 0-0 Ba6 8. Bxa6 Nxa6 9. h4 h6 10. h5 Nc7 11. b3 Be7 12. Re1 0-0 13. Na3 cxd4 14. cxd4 f5 15. exf6 Rxf6 16. Nc2 Nb5 17. Qd3 a6 18. a4 Nc7 19. Ne5 Nxe5 20. dxe5 Rf8 21. Bxh6 gxh6 22. Qg6+ 1/2-1/2

[Event "Antwerp op"]
[Site "Antwerp"]
[Date "1996.??.??"]
[Round "1"]
[White "Suba, Mihai"]
[Black "Van Houtte, Thierry"]
[Result "1-0"]
[WhiteElo "2520"]
[BlackElo "2215"]
[PlyCount "39"]
[EventDate "1996.07.??"]
[EventType "swiss"]
[EventRounds "9"]
[EventCountry "BEL"]
[SourceTitle "EXT 1999"]
[Source "ChessBase"]
[SourceDate "1998.11.16"]
[SourceVersion "1"]
[SourceVersionDate "1998.11.16"]
[SourceQuality "1"]

1. c4 e5 2. g3 d5 3. cxd5 Qxd5 4. Nf3 Bb4 5. a3 e4 6. axb4 exf3 7. e3 Nf6 8. Nc3 Qh5 9. Ra5 Qg4 10. Re5+ Be6 11. d4 Nbd7 12. h3 Qg6 13. Bd3 Nxe5 14. Bxg6 Nxg6 15. e4 0-0-0 16. Be3 Ne5 17. d5 Nc4 18. Qd4 Nxe3 19. fxe3 Kb8 20. Nb5 1-0